[Event "Match"]
[Site "www.echecsemail.com"]
[Date "2017.06.01"]
[Round "1"]
[White "Andregor"]
[Black "Insearchof"]
[WhiteElo "2510"]
[BlackElo "2149"]
[Result "1-0"]
[Round "1"]
1.e4 e6
2.d4 d5
3.Nb1d2 c5
4.Ng1f3 cxd4
5.exd5 Qd8xd5
6.Bf1c4 Qd5d7
7.O-O Nb8c6
8.Nd2b3 Ng8f6
9.Rf1e1 a6
10.Nf3xd4 Nc6xd4
11.Nb3xd4 Bf8e7
12.Bc1g5 b5
13.Bc4b3 Bc8b7
14.c3 h6
15.Bg5f4 Ra8d8
16.Qd1e2 Bb7d5
17.Bf4e5 O-O
18.Bb3c2 Qd7b7
19.Qe2d3 g6
20.Qd3g3 Kh7
21.h4 Nf6e4
22.Qg3h3 f6
23.Be5h2 e5
24.Bc2xe4 exd4
25.Be4xd5 Rd8xd5
26.Ra1d1 Be7c5
27.b4 Bc5b6
28.Re1e6 dxc3
29.Rd1e1  { time }
1-0

[Event "Match"]
[Site "www.echecsemail.com"]
[Date "2017.06.01"]
[Round "1"]
[White "Caspito"]
[Black "Cjood"]
[WhiteElo "1920"]
[BlackElo "1930"]
[Result "1-0"]
[Round "1"]
1.e4 c5
2.b3 e6
3.Bc1b2 Nb8c6
4.Bf1b5 Qd8c7
5.Ng1f3 a6
6.Bb5e2 b5
7.O-O d6
8.d4 Bc8b7
9.c4 b4
10.Rf1e1 Nc6e7
11.a3 Bb7xe4
12.axb4 cxb4
13.Be2d3 Be4c6
14.Nf3g5 Ng8f6
15.d5 exd5
16.Nb1d2 dxc4
17.bxc4 h6
18.Ng5f3 Qc7b7
19.Nd2b3 Bc6xf3
20.gxf3 Nf6h5
21.Bd3e4 Qb7a7
22.Be4xa8 Qa7xa8
23.Qd1xd6 Qa8c8
24.c5 Rh8g8
25.Ra1d1 g5
26.c6 Rg8g6
27.Qd6d7 Qc8xd7
28.cxd7 Kd8
29.Nb3c5 Nh5f6
30.Nc5b7 { resign }
1-0

[Event "Match"]
[Site "www.echecsemail.com"]
[Date "2017.06.01"]
[Round "1"]
[White "Motorhead99"]
[Black "Wagner"]
[WhiteElo "1860"]
[BlackElo "1850"]
[Result "1-0"]
[Round "1"]
1.d4 d5
2.e3 f5
3.Bf1d3 c6
4.f4 Ng8f6
5.Nb1d2 e6
6.Ng1f3 Nf6g4
7.Qd1e2 Ng4f6
8.c3 h6
9.Nf3e5 Rh8g8
10.Ne5g6 Qd8c7
11.Nd2f3 Bf8d6
12.Ng6e5 b5
13.h3 Nf6h5
14.Qe2f2 b4
15.g4 Nh5f6
16.Rh1g1 g5
17.gxf5 exf5
18.fxg5 Nf6h7
19.gxh6 Bc8e6
20.Rg1xg8 Be6xg8
21.Bd3xf5 Qc7a5
22.cxb4 Qa5xb4
23.Kf1 c5
24.Ne5d3 Qb4b5
25.Bf5g6 Kd8
26.Kg1 Nb8d7
27.dxc5 Bd6e7
28.Nf3d4 Qb5xd3
29.Bg6xd3 { resign }
1-0

[Event "1/128 Finale"]
[Site "www.chess-mail.com"]
[Date "2017.06.01"]
[Round "1"]
[White "Picifarkinca"]
[Black "Motorhead99"]
[WhiteElo "2020"]
[BlackElo "1770"]
[Result "1/2-1/2"]
[Round "1"]
1.e4 d6
2.d4 Ng8f6
3.f3 Nb8d7
4.c4 e5
5.d5 Bf8e7
6.Nb1c3 c6
7.Bf1d3 Qd8c7
8.Ng1e2 h6
9.Bc1e3 c5
10.O-O a6
11.a4 g5
12.Ne2g3 Nd7f8
13.Ng3f5 Nf8g6
14.g3 Bc8xf5
15.exf5 Ng6f8
16.Nc3e4 Nf8d7
17.Qd1d2 Nf6xe4
18.fxe4 Nd7f6
19.Kg2 a5
20.Qd2e2 b6
21.Be3d2 Kd7
22.b3 Ra8g8
23.Kf2 h5
24.Ke1 Qc7d8
25.Kd1 Qd8f8
26.Kc2 Nf6g4
27.h3 Ng4f6
28.Rf1f2 Qf8g7
29.Ra1g1 { draw }
1/2-1/2

[Event "Fast Game"]
[Site "www.echecsemail.com"]
[Date "2017.06.01"]
[Round "1"]
[White "Cjood"]
[Black "Attatroll"]
[WhiteElo "1900"]
[BlackElo "1800"]
[Result "1/2-1/2"]
[Round "1"]
1.d4 f5
2.e4 fxe4
3.Qd1h5 g6
4.Qh5e5 Ng8f6
5.Bc1g5 Bf8g7
6.Bg5xf6 Bg7xf6
7.Qe5xe4 O-O
8.Bf1c4 Kg7
9.Nb1d2 Nb8c6
10.Nd2b3 d6
11.O-O-O Bc8f5
12.Qe4f3 Bf6g5
13.Kb1 Bf5xc2
14.Kxc2 Rf8xf3
15.Ng1xf3 Bg5f6
16.Rh1e1 Nc6b4
17.Kb1 c6
18.h3 a5
19.Re1e2 d5
20.Bc4d3 Qd8b6
21.Nf3e5 Bf6xe5
22.Re2xe5 Nb4xd3
23.Rd1xd3 Qb6c7
24.Rd3e3 Ra8e8
25.Nb3c5 Kg8
26.Re5e6 Qc7f4
27.Nc5xb7 Qf4xf2
28.Nb7xa5 Qf2xg2
29.Na5xc6 Qg2f1
30.Kc2 Qf1c4
31.Re3c3 Qc4a4
32.Kd3 Kf7
33.Re6e5 Qa4b5
34.Kc2 e6
35.b3 Re8a8
36.a4 Qb5f1
37.Re5e3 Qf1f2
38.Kb1 Qf2g2
39.Nc6e5 Ke7
40.Rc3c7 Kd8
41.Rc7xh7 Qg2g1
42.Kc2 Qg1xe3
43.Rh7h8 Ke7
44.Rh8xa8 Qe3xh3
45.Ne5xg6 Kf6
46.Ng6f4 Qh3h2
47.Kc3 Qh2g3
48.Kb4 Qg3e1
49.Kc5 Qe1c3
50.Kd6 Qc3b4
51.Kc6 Qb4xb3
52.a5 Qb3c4
53.Kd6 Qc4b4
54.Kd7 Qb4e7
55.Kc6 Kf5
56.Nf4xd5 exd5
57.a6 Qe7e6
58.Kc5 Ke4
59.a7 Qe6e7
{ draw }
1/2-1/2

[Event "Fast Game"]
[Site "www.echecsemail.com"]
[Date "2017.06.01"]
[Round "1"]
[White "Hennie4820"]
[Black "Cal"]
[WhiteElo "1640"]
[BlackElo "1700"]
[Result "1-0"]
[Round "1"]
1.e4 e5
2.Ng1f3 d6
3.Bf1c4 h6
4.d4 exd4
5.O-O c5
6.c3 dxc3
7.Nb1xc3 Ng8f6
8.Bc1f4 Nb8c6
9.Qd1b3 b6
10.Bc4xf7 Kd7
11.Nc3b5 Bc8a6
12.Qb3e6 
1-0

[Event "Tourn. n9343"]
[Site "www.chess-mail.com"]
[Date "2017.06.02"]
[Round "1"]
[White "Quaff"]
[Black "Nulladies"]
[WhiteElo "1629"]
[BlackElo "1880"]
[Result "1-0"]
[Round "1"]
1.e4 c5
2.f4 g6
3.c3 Bf8g7
4.d4 cxd4
5.cxd4 Nb8c6
6.Ng1f3 d5
7.e5 f6
8.Bf1b5 Bc8d7
9.Bb5xc6 Bd7xc6
10.Nb1c3 Ng8h6
11.O-O fxe5
12.fxe5 e6
13.Nf3g5 Nh6f5
14.Ng5xe6 Qd8d7
15.Ne6xg7 Nf5xg7
16.Bc1g5 h6
17.Bg5f6 O-O
18.Bf6xg7 Kxg7
19.Qd1d3 a6
20.Rf1f3 Bc6b5
21.Nc3xb5 Qd7xb5
22.Qd3xb5 axb5
23.Rf3xf8 Ra8xf8
24.Ra1f1 Rf8xf1
25.Kxf1 Kf7
26.g4 b4
27.Ke2 Ke6
28.b3 h5
29.h3 hxg4
30.hxg4 g5
31.Kd3 b6
32.Kc2 Ke7
33.Kb2 Kd7
34.a3 bxa3
35.Kxa3 b5
36.Kb4 Kc6
37.Ka5 b4
38.Kxb4 Kd7
39.Kc5 { resign }
1-0

[Event "Tourn. n9332"]
[Site "www.chess-mail.com"]
[Date "2017.06.02"]
[Round "1"]
[White "Pdebonis"]
[Black "Seger"]
[WhiteElo "2610"]
[BlackElo "2680"]
[Result "1/2-1/2"]
[Round "1"]
1.e4 c5
2.Ng1f3 Nb8c6
3.Bf1b5 g6
4.O-O Bf8g7
5.Bb5xc6 bxc6
6.Rf1e1 Ng8h6
7.c3 O-O
8.d4 cxd4
9.cxd4 d5
10.e5 f6
11.Qd1a4 Qd8b6
12.exf6 exf6
13.b3 Bc8g4
14.Nb1d2 Qb6c7
15.Bc1a3 Rf8f7
16.Ba3c5 Bg4d7
17.Qa4a3 g5
18.Re1e2 g4
19.Nf3e1 f5
20.Ne1d3 f4
21.Nd3e5 f3
22.gxf3 gxf3
23.Nd2xf3 Bd7g4
24.Ra1e1 Bg7xe5
25.Re2xe5 Bg4xf3
26.Re5e8 Ra8xe8
27.Re1xe8 Kg7
{ draw }
1/2-1/2

[Event "Tourn. n9239"]
[Site "www.chess-mail.com"]
[Date "2017.06.02"]
[Round "1"]
[White "Azulmarino"]
[Black "Passaroa25"]
[WhiteElo "1430"]
[BlackElo "1610"]
[Result "0-1"]
[Round "1"]
1.e4 c6
2.c4 d6
3.d4 e6
4.Nb1c3 Ng8e7
5.Ng1f3 h6
6.Bc1e3 Nb8d7
7.Bf1e2 Ne7g6
8.Qd1d2 Nd7b6
9.b3 Bc8d7
10.Be2d3 Bf8e7
11.a4 Ra8c8
12.a5 Nb6a8
13.h3 O-O
14.g3 a6
15.Qd2b2 f6
16.h4 h5
17.d5 e5
18.Qb2d2 Bd7g4
19.Bd3e2 c5
20.Nf3h2 Bg4xe2
21.Nc3xe2 Ng6h8
22.Be3h6 gxh6
23.Ne2f4 exf4
24.gxf4 Kg7
25.f5 Qd8e8
26.Rh1g1 Kh7
27.Qd2c3 Rf8g8
28.O-O-O Qe8f7
29.Rg1g3 Rg8g7
30.Rd1g1 Rc8g8
31.Rg3xg7 Rg8xg7
32.Rg1e1 Rg7g2
33.Nh2f3 Rg2xf2
34.Qc3e3 Rf2a2
35.Kb1 Ra2a3
36.Qe3d2 Ra3xb3
37.Kc1 Rb3xf3
38.Qd2e2 Rf3c3
39.Kb2 Rc3h3
40.Qe2g2 Rh3xh4
41.Qg2g3 Rh4g4
42.Qg3f3 Rg4g5
43.Re1f1 Qf7g7
44.Rf1f2 Nh8f7
45.Qf3e2 Nf7e5
{ resign }
0-1

[Event "Tourn. n9299"]
[Site "www.chess-mail.com"]
[Date "2017.06.02"]
[Round "1"]
[White "Osopanda"]
[Black "Jaroslavpech"]
[WhiteElo "1990"]
[BlackElo "2120"]
[Result "0-1"]
[Round "1"]
1.e4 e5
2.Ng1f3 Ng8f6
3.Nf3xe5 d6
4.Ne5f3 Nf6xe4
5.d4 d5
6.Bf1d3 Bf8e7
7.O-O Nb8c6
8.Rf1e1 Bc8g4
9.h3 Bg4xf3
10.Qd1xf3 Nc6xd4
11.Qf3g4 O-O
12.Nb1c3 f5
13.Qg4h5 c6
14.Bd3xe4 fxe4
15.Bc1e3 Nd4xc2
16.Ra1c1 Nc2xe1
17.Rc1xe1 Rf8f7
18.Nc3e2 Qd8a5
19.Ne2c3 Qa5b4
 { time }
0-1

[Event "Tourn. n9354"]
[Site "www.chess-mail.com"]
[Date "2017.06.02"]
[Round "1"]
[White "Bojan"]
[Black "Fbeley"]
[WhiteElo "1960"]
[BlackElo "2050"]
[Result "1/2-1/2"]
[Round "1"]
1.e4 e6
2.d4 d5
3.exd5 exd5
4.a3 Ng8f6
5.h3 Nb8c6
6.Ng1f3 Bf8d6
7.Bf1e2 O-O
8.Nb1c3 Rf8e8
9.O-O Bc8e6
10.Be2d3 Qd8d7
11.Nc3b5 a6
12.Nb5xd6 Qd7xd6
13.Rf1e1 b5
14.c3 Nc6e7
15.Bc1g5 Nf6d7
16.Qd1d2 Ne7g6
17.h4 f6
18.Bg5e3 Be6g4
19.Bd3xg6 hxg6
20.Be3f4 Qd6b6
21.Nf3h2 Bg4e6
22.Re1e3 c5
23.dxc5 Nd7xc5
24.Qd2e2 Be6f7
25.Ra1e1 Nc5e6
26.Qe2f3 d4
27.Re3d3 dxc3
28.Bf4e3 Qb6c7
29.Rd3xc3 Qc7e5
30.Nh2g4 Qe5f5
31.Qf3h3 Ne6f4
32.Qh3f3 Nf4d5
33.Rc3c5 Qf5xf3
34.gxf3 Nd5f4
35.Re1d1 Nf4e6
36.Rc5c6 Re8c8
37.Rd1c1 Rc8xc6
38.Rc1xc6 Ne6f8
39.b4 a5
40.Be3d2 axb4
41.Bd2xb4 Ra8b8
42.Ng4e3 Bf7e8
43.Rc6d6 Nf8d7
44.f4 Nd7b6
45.Rd6d4 Be8f7
46.Kg2 Bf7c4
47.Kg3 { draw }
1/2-1/2

[Event "Tourn. n9347"]
[Site "www.chess-mail.com"]
[Date "2017.06.02"]
[Round "1"]
[White "Redapond1"]
[Black "Albertf"]
[WhiteElo "1840"]
[BlackElo "1840"]
[Result "0-1"]
[Round "1"]
1.d4 d5
2.Nb1c3 Ng8f6
3.Bc1f4 e6
4.Nc3b5 Bf8d6
5.Bf4xd6 cxd6
6.e3 O-O
7.Ng1f3 Qd8b6
8.Bf1d3 a6
9.O-O axb5
10.c3 Nb8c6
11.Qd1b3 Nc6a5
12.Qb3xb5 Qb6xb5
13.Bd3xb5 Bc8d7
14.b4 Bd7xb5
15.Rf1e1 Na5c4
16.h3 Ra8a3
17.Re1e2 Rf8a8
18.Kf1 Nf6e4
19.Nf3e1 Nc4xe3
20.fxe3 Ne4xc3
21.Ne1c2 Ra3xa2
22.Ra1xa2 Ra8xa2
{ resign }
0-1

[Event "Tourn. n9370"]
[Site "www.chess-mail.com"]
[Date "2017.06.02"]
[Round "1"]
[White "Cal"]
[Black "Robinjut"]
[WhiteElo "1720"]
[BlackElo "1620"]
[Result "0-1"]
[Round "1"]
1.c4 e5
2.e4 Ng8f6
3.d3 Bf8d6
4.a3 Nb8c6
5.h3 h6
6.Ng1f3 a6
7.Nb1c3 O-O
8.Bf1e2 Nc6d4
9.Nf3xd4 exd4
10.Nc3d5 c6
11.O-O cxd5
12.cxd5 b5
13.f4 Nf6h7
14.e5 Bd6c5
15.b4 Bc5b6
16.d6 f6
17.Bc1b2 Bc8b7
18.Be2g4 Qd8c8
19.Ra1c1 Qc8b8
20.Kh2 fxe5
21.f5 Qb8xd6
22.g3 Bb6c7
23.f6 e4
24.Qd1e1 Nh7xf6
25.Bg4f5 exd3
26.Bf5xd3 Ra8e8
27.Qe1d2 Qd6xg3

0-1

[Event "Tourn. n9296"]
[Site "www.chess-mail.com"]
[Date "2017.06.02"]
[Round "1"]
[White "Nimzo"]
[Black "Pdebonis"]
[WhiteElo "2720"]
[BlackElo "2570"]
[Result "1/2-1/2"]
[Round "1"]
1.d4 Ng8f6
2.c4 g6
3.g3 Bf8g7
4.Bf1g2 O-O
5.Nb1c3 d6
6.Ng1f3 Nb8d7
7.O-O e5
8.e4 exd4
9.Nf3xd4 Nd7c5
10.h3 Rf8e8
11.Rf1e1 a5
12.Nd4b5 Nf6d7
13.Bc1g5 Qd8xg5
14.Nb5xc7 Qg5d8
15.Nc7xa8 Bg7xc3
16.bxc3 Nd7e5
17.Ra1b1 Ne5xc4
18.Bg2f1 Nc4a3
19.Rb1b6 Bc8e6
20.Rb6xd6 Qd8xa8
21.Qd1c1 Na3c4
22.Rd6xe6 Re8xe6
23.Bf1xc4 Re6xe4
24.Re1xe4 Nc5xe4
25.Bc4d5 Ne4f6
26.c4 Qa8c8
27.Qc1b2 Nf6xd5
28.cxd5 Qc8d7
29.Qb2d2 Qd7xh3
30.Qd2xa5 Qh3d7
31.Qa5c5 f5
32.d6 Kf7
33.Qc5d5 Kf6
34.a4 h6
35.a5 g5
36.Qd5h1 Ke5
37.Qh1xh6 g4
38.Qh6f4 { draw }
1/2-1/2

[Event "Tourn. n9343"]
[Site "www.chess-mail.com"]
[Date "2017.06.02"]
[Round "1"]
[White "Nulladies"]
[Black "Cjood"]
[WhiteElo "1880"]
[BlackElo "1790"]
[Result "1/2-1/2"]
[Round "1"]
1.d4 c6
2.Bc1f4 g6
3.Ng1f3 d6
4.e4 Bf8g7
5.c3 Ng8f6
6.Nb1d2 Nf6d7
7.Bf1e2 e5
8.Bf4g3 h6
9.Qd1b3 a5
10.Qb3c2 g5
11.h4 g4
12.Nf3h2 h5
13.O-O Bg7f6
14.f3 Bf6xh4
15.Bg3xh4 Qd8xh4
16.fxg4 hxg4
17.Nh2xg4 b5
18.Qc2b3 f6
19.d5 a4
20.Qb3b4 Ke7
21.c4 Nb8a6
22.Qb4c3 b4
23.Qc3f3 cxd5
24.cxd5 Na6c5
25.Nd2c4 Bc8b7
26.Nc4e3 Qh4g5
27.Ne3f5 Kd8
28.Nf5xd6 Rh8f8
29.Nd6xb7 Nc5xb7
30.Ra1c1 Ke7
31.Rc1c7 Nb7c5
32.Ng4e3 Rf8h8
33.Rf1c1 Ra8a5
34.Ne3c4 Qg5xc1
35.Kf2 Ra5a8
36.d6 Ke6
37.Qf3f5 Kf7
38.Nc4b6 Qc1d2
39.Rc7xd7 Nc5xd7
40.Qf5xd7 Kg6
41.Nb6xa8 Rh8xa8
42.Qd7c6 Ra8d8
43.Qc6c7 Rd8xd6
44.Qc7c5 Rd6d4
45.Qc5f8 Rd4xe4
46.Qf8g8 Kh6
47.Qg8h8 Kg6
48.Qh8g8 Kf5
49.Qg8h7 Ke6
50.Qh7xe4 Qd2xb2
51.Qe4c4 Kd6
52.Qc4a6 Kd5
53.Qa6xa4 Qb2d4
54.Kf1 f5
55.Qa4d7 Ke4
56.Be2f3 Ke3
57.Qd7xd4 exd4
58.Ke1 Kd3
59.g4 fxg4
60.Bf3xg4 Kc2
61.Bg4d1 Kc3
62.Bd1b3 d3
63.Kd1 Kd4
64.Kd2 Ke4
{ draw }
1/2-1/2

[Event "Match"]
[Site "www.echecsemail.com"]
[Date "2017.06.02"]
[Round "1"]
[White "Motorhead99"]
[Black "Calponas"]
[WhiteElo "1829"]
[BlackElo "2070"]
[Result "0-1"]
[Round "1"]
1.e4 c5
2.Ng1f3 d6
3.d4 cxd4
4.Nf3xd4 Ng8f6
5.Nb1c3 a6
6.Bc1e3 e5
7.Nd4f5 Bc8xf5
8.exf5 d5
9.Be3g5 d4
10.Nc3e4 Bf8e7
11.Bf1d3 Nb8c6
12.a3 Ra8c8
13.Qd1e2 Nf6xe4
14.Bg5xe7 Qd8xe7
15.Qe2xe4 f6
16.g4 h6
17.b4 b5
18.O-O Kd7
19.Rf1d1 h5
20.a4 Nc6xb4
21.Qe4b7 Rc8c7
22.Qb7e4 Nb4xd3
23.cxd3 hxg4
24.Qe4xg4 b4
25.f4 Rc7c2
26.fxe5 Qe7xe5
27.Qg4xg7 Kd6
{ resign }
0-1

[Event "Match"]
[Site "www.echecsemail.com"]
[Date "2017.06.02"]
[Round "1"]
[White "Cal"]
[Black "Sonny1000"]
[WhiteElo "1730"]
[BlackElo "1420"]
[Result "1-0"]
[Round "1"]
1.c4 e5
2.a3 e4
3.e3 Nb8c6
4.Nb1c3 Ng8f6
5.Bf1e2 g5
6.h3 h5
7.d3 d5
8.d4 Bf8h6
9.c5 a6
10.f3 exf3
11.Be2xf3 Qd8e7
12.Ng1e2 Bc8f5
13.b4 g4
14.hxg4 Bf5xg4
15.Ne2g3 Bg4xf3
16.gxf3 Bh6xe3
17.Nc3e2 Be3xc1
18.Ra1xc1 Qe7e3
19.Rc1c3 Qe3xf3
20.Rc3xf3 Nf6g4
21.O-O h4
22.Ng3f5 h3
23.Nf5g7 Kf8
24.Rf3xf7 Kg8
25.Ne2g3 Nc6d8
26.Qd1xg4 Nd8xf7
27.Ng7e6 Nf7g5
28.Qg4xg5 Kh7
29.Qg5g7 { resign }
1-0

[Event "Match"]
[Site "www.echecsemail.com"]
[Date "2017.06.02"]
[Round "1"]
[White "Cjood"]
[Black "Llord"]
[WhiteElo "1930"]
[BlackElo "1970"]
[Result "1-0"]
[Round "1"]
1.Ng1f3 Nb8c6
2.c4 e5
3.e3 Bf8b4
4.a3 Bb4e7
5.b4 e4
6.Nf3g1 Ng8f6
7.Nb1c3 O-O
8.d3 exd3
9.Bf1xd3 Nc6e5
10.Bd3f1 d6
11.h3 c6
12.Bc1b2 Bc8e6
13.Qd1b3 b5
14.Qb3d1 bxc4
15.f4 Ne5d7
16.g4 g6
17.Ng1f3 Nd7b6
18.e4 d5
19.e5 Nf6e8
20.Rh1g1 c5
21.b5 Qd8d7
22.f5 d4
23.fxe6 Qd7xe6
24.Nc3e4 c3
25.Bb2c1 Nb6c4
26.Qd1d3 Nc4b6
27.a4 Ne8c7
28.Bc1h6 Rf8e8
29.Bf1g2 Be7f8
30.Nf3g5 Qe6b3
31.Ne4f6 Kh8
32.Bh6xf8 Re8xf8
33.Bg2xa8 Qb3b2
34.Qd3d1 c2
35.Qd1c1 Qb2c3
36.Kf2 Nc7xa8
37.Nf6e4 Qc3c4
38.Ne4d6 Qc4d5
39.Qc1xc2 h6
40.Ng5xf7 Rf8xf7
41.Nd6xf7 Qd5xf7
42.Kg3 Nb6d5
43.Ra1f1 Qf7c7
44.Qc2xg6 Qc7xe5
45.Kh4 Nd5f4
46.Qg6xh6 { resign }
1-0

[Event "Match"]
[Site "www.echecsemail.com"]
[Date "2017.06.02"]
[Round "1"]
[White "Llord"]
[Black "Astroboy"]
[WhiteElo "1940"]
[BlackElo "1499"]
[Result "1/2-1/2"]
[Round "1"]
1.e4 c5
2.Bf1c4 e6
3.Ng1f3 a6
4.a4 Nb8c6
5.O-O g6
6.d3 Bf8g7
7.c3 Ng8e7
8.Bc1g5 h6
9.Bg5h4 O-O
10.d4 g5
11.Bh4g3 cxd4
12.Nf3xd4 Nc6xd4
13.cxd4 d5
14.exd5 exd5
15.Bc4b3 Qd8b6
16.Nb1c3 Bc8e6
17.a5 Qb6xd4
18.Qd1xd4 Bg7xd4
19.Bg3d6 Rf8e8
20.Rf1d1 Ne7c6
21.Bb3a4 Bd4xc3
22.bxc3 Re8c8
23.Ra1b1 Nc6xa5
24.Bd6b4 b6
25.Rb1a1 Na5c4
26.g3 a5
27.Bb4a3 Ra8b8
{ draw }
1/2-1/2

[Event "Match"]
[Site "www.echecsemail.com"]
[Date "2017.06.02"]
[Round "1"]
[White "Motorhead99"]
[Black "Fangshuo"]
[WhiteElo "1930"]
[BlackElo "2080"]
[Result "0-1"]
[Round "1"]
1.d4 e6
2.e3 c5
3.c3 Qd8a5
4.Bc1d2 cxd4
5.exd4 Ng8f6
6.Bf1d3 Nb8c6
7.Ng1e2 d5
8.O-O Bf8d6
9.Rf1e1 O-O
10.b4 Qa5c7
11.Ne2g3 e5
12.dxe5 Nc6xe5
13.Bd3e2 Ne5g4
14.Be2xg4 Nf6xg4
15.Nb1a3 a6
16.Na3c2 f5
17.Nc2d4 f4
18.Ng3f1 Ng4e5
19.Re1xe5 Bd6xe5
20.Ra1c1 Be5xd4
21.cxd4 Qc7f7
22.Rc1c5 b6
23.Rc5c1 h5
{ resign }
0-1

[Event "Match"]
[Site "www.echecsemail.com"]
[Date "2017.06.02"]
[Round "1"]
[White "Cal"]
[Black "Astroboy"]
[WhiteElo "1720"]
[BlackElo "1499"]
[Result "1/2-1/2"]
[Round "1"]
1.c4 e5
2.e4 Nb8c6
3.d3 Bf8c5
4.Ng1f3 d6
5.a3 a5
6.Nb1c3 Ng8e7
7.h3 f5
8.exf5 Bc8xf5
9.Bf1e2 O-O
10.O-O Ne7g6
11.Nc3d5 h6
12.b3 Rf8f7
13.Bc1b2 Qd8d7
14.Nf3h2 Ng6h4
15.Be2h5 g6
16.Bh5g4 Ra8f8
17.Kh1 h5
18.Bg4xf5 Rf7xf5
19.b4 axb4
20.a4 Rf5xf2
21.Rf1xf2 Rf8xf2
22.d4 Nc6xd4
23.Nh2f3 Rf2xf3
24.gxf3 Qd7xh3
{ draw }
1/2-1/2

[Event "1/128 Finale"]
[Site "www.chess-mail.com"]
[Date "2017.06.02"]
[Round "1"]
[White "Cjood"]
[Black "Attatroll"]
[WhiteElo "1900"]
[BlackElo "2060"]
[Result "0-1"]
[Round "1"]
1.e4 d6
2.d4 Ng8f6
3.Nb1c3 g6
4.h3 Bf8g7
5.Ng1f3 O-O
6.Bf1d3 Nb8c6
7.Bc1e3 Nc6b4
8.a3 Nb4xd3
9.Qd1xd3 c5
10.dxc5 dxc5
11.Be3xc5 Qd8xd3
12.cxd3 Bc8e6
13.Bc5xe7 Rf8e8
14.Be7b4 Ra8d8
15.Ke2 Nf6h5
16.g3 Be6c8
17.Ra1d1 Nh5f6
18.g4 a6
19.Bb4a5 Rd8d7
20.Ba5b6 Re8e6
21.Bb6e3 Rd7e7
22.Nf3g5 Re6c6
23.f3 h6
24.e5 Re7xe5
25.Ng5e4 Nf6d5
26.Be3d4 Nd5xc3
27.Bd4xc3 Re5e8
28.Bc3xg7 Kxg7
29.Kf2 Rc6c2
30.Rd1d2 Rc2xd2
31.Ne4xd2 b5
32.Nd2e4 Bc8b7
33.Ne4d6 Re8e7
34.Nd6xb7 Re7xb7
35.Rh1c1 Kf6
36.Rc1c6 Ke5
37.Rc6xa6 Kd4
38.Ra6d6 Ke5
39.Rd6c6 Kd5
40.Rc6f6 Kd4
41.Ke2 Rb7e7
42.Kd2 Re7b7
43.b4 Rb7a7
44.Rf6d6 Ke5
45.Rd6b6 Ra7xa3
46.Rb6xb5 Kd4
47.Ke2 Ra3a2
48.Kf1 Kxd3
49.Rb5b7 Ra2b2
50.Rb7xf7 Rb2xb4
51.Rf7h7 Ke3
52.Kg2 Kf4
53.Rh7xh6 Rb4b2
54.Kf1 Kxf3
55.Rh6xg6 Rb2b1
{ resign }
0-1

[Event "1/128 Finale"]
[Site "www.chess-mail.com"]
[Date "2017.06.02"]
[Round "1"]
[White "Attatroll"]
[Black "Astroboy"]
[WhiteElo "2010"]
[BlackElo "1499"]
[Result "1/2-1/2"]
[Round "1"]
1.d4 Ng8f6
2.c4 g6
3.Nb1c3 d5
4.Ng1f3 Bf8g7
5.e3 O-O
6.cxd5 Nf6xd5
7.Bf1c4 Nd5b6
8.Bc4b3 Nb8a6
9.O-O c5
10.dxc5 Na6xc5
11.Qd1xd8 Rf8xd8
12.Bc1d2 Nc5xb3
13.axb3 Bc8g4
14.Rf1d1 Bg4e6
15.Bd2e1 Rd8xd1
16.Ra1xd1 Be6xb3
17.Rd1d2 Bg7xc3
18.bxc3 a5
19.Rd2b2 a4
20.Nf3d4 Nb6c4
21.Rb2b1 e5
22.Nd4xb3 axb3
23.Rb1xb3 Ra8a1
24.g3 Ra1xe1
25.Kg2 Re1c1
26.Rb3xb7 Rc1xc3
27.Kf3 f5
{ draw }
1/2-1/2

[Event "1/64 Finale"]
[Site "www.chess-mail.com"]
[Date "2017.06.02"]
[Round "1"]
[White "Guidom"]
[Black "Mitja"]
[WhiteElo "2110"]
[BlackElo "2030"]
[Result "0-1"]
[Round "1"]
1.e4 d5
2.Ng1f3 dxe4
3.Nf3g1 Ng8f6
4.Bf1c4 e6
5.Nb1c3 Qd8d4
6.Bc4b3 c6
7.Ng1e2 Qd4b6
8.O-O Bf8d6
9.d4 exd3
10.cxd3 Qb6c7
11.h3 Qc7e7
12.Bc1g5 h6
13.Bg5xf6 Qe7xf6
14.Nc3e4 Qf6e7
15.d4 Nb8d7
16.Ne2c3 O-O
17.f4 Nd7f6
18.Ne4g3 Bd6c7
19.Qd1e2 Rf8e8
20.Ra1e1 b6
21.f5 Bc7xg3
22.fxe6 Bc8xe6
23.Re1d1 Be6xb3
24.Qe2xe7 Re8xe7
25.axb3 Ra8e8
26.Rd1d3 Bg3c7
27.d5 Nf6xd5
28.Nc3xd5 cxd5
29.Rd3xd5 Bc7g3
30.Rd5f5 f6
31.Rf5f3 Bg3e5
32.Rf1b1 Be5d4
33.Kf1 Re7e2
{ resign }
0-1

[Event "Tourn. n9406"]
[Site "www.chess-mail.com"]
[Date "2017.06.03"]
[Round "1"]
[White "Cristiano"]
[Black "Nulladies"]
[WhiteElo "1930"]
[BlackElo "1940"]
[Result "0-1"]
[Round "1"]
1.f4 d5
2.Ng1f3 Bc8g4
3.Nf3e5 Bg4f5
4.d3 Nb8d7
5.Ne5f3 e6
6.Nb1c3 Ng8f6
7.h3 Nf6h5
{ resign }
0-1

[Event "Tourn. n9329"]
[Site "www.chess-mail.com"]
[Date "2017.06.03"]
[Round "1"]
[White "Castletyme"]
[Black "Said1991"]
[WhiteElo "1850"]
[BlackElo "1809"]
[Result "0-1"]
[Round "1"]
1.e4 c5
2.Ng1f3 Nb8c6
3.d3 d6
4.c3 Ng8f6
5.Bf1e2 e6
6.O-O Bf8e7
7.Nb1d2 O-O
8.Rf1e1 d5
9.exd5 exd5
10.Nd2f1 d4
11.cxd4 cxd4
12.Nf1g3 b6
13.a3 Bc8b7
14.Ng3f5 Rf8e8
15.Nf5xe7 Qd8xe7
16.Be2f1 Qe7d6
17.Re1xe8 Ra8xe8
18.Bf1e2 Nc6e5
19.Nf3xe5 Qd6xe5
20.Be2f1 h5
21.f4 Qe5d5
22.Bc1d2 Nf6g4
23.Qd1a4 Bb7c6
24.Qa4xa7 Re8e2
25.Qa7b8 Kh7
{ resign }
0-1

[Event "Tourn. n9362"]
[Site "www.chess-mail.com"]
[Date "2017.06.03"]
[Round "1"]
[White "Osopanda"]
[Black "Yakke"]
[WhiteElo "1900"]
[BlackElo "1790"]
[Result "0-1"]
[Round "1"]
1.e4 e5
2.Ng1f3 Nb8c6
3.d4 d6
4.Bf1b5 Bc8d7
5.O-O Nc6b8
6.Bb5xd7 Nb8xd7
7.Nb1c3 c6
8.Bc1g5 f6
9.Bg5e3 Qd8b6
10.dxe5 Qb6xb2
11.Qd1d2 { time. }
0-1

[Event "Tourn. n9380"]
[Site "www.chess-mail.com"]
[Date "2017.06.03"]
[Round "1"]
[White "Orhany24"]
[Black "Picifarkinca"]
[WhiteElo "2230"]
[BlackElo "2030"]
[Result "1-0"]
[Round "1"]
1.e4 c6
2.d4 d5
3.exd5 cxd5
4.Ng1f3 Ng8f6
5.Bf1d3 Nb8c6
6.a3 Bc8g4
7.c3 e6
8.Bc1g5 Bf8e7
9.O-O h6
10.Bg5h4 Nf6e4
11.Bh4xe7 Qd8xe7
12.h3 Bg4f5
13.Bd3c2 O-O
14.Nb1d2 Ne4d6
15.Bc2xf5 Nd6xf5
16.Ra1c1 Qe7f6
17.Rf1e1 Rf8e8
18.Nf3e5 Nc6xe5
19.Re1xe5 Nf5d6
20.Qd1e2 b5
21.Rc1e1 Ra8c8
22.Qe2g4 Nd6f5
23.Nd2b3 { resign }
1-0

[Event "Tourn. n9404"]
[Site "www.chess-mail.com"]
[Date "2017.06.03"]
[Round "1"]
[White "Cjood"]
[Black "Bojan"]
[WhiteElo "1880"]
[BlackElo "1920"]
[Result "0-1"]
[Round "1"]
1.g3 g6
2.d4 d5
3.c4 dxc4
4.Qd1a4 c6
5.Qa4xc4 Bc8e6
6.Qc4d3 Bf8g7
7.Ng1f3 Nb8a6
8.Bc1f4 Qd8b6
9.b3 Ra8d8
10.Nb1d2 Ng8f6
11.e4 c5
12.d5 Be6d7
13.e5 Na6b4
14.Qd3c4 Nf6xd5
15.a3 Nd5xf4
16.gxf4 Bd7e6
17.Qc4b5 Nb4c6
18.Qb5xb6 axb6
19.Bf1b5 O-O
20.h4 Nc6d4
21.Nf3xd4 Rd8xd4
22.Nd2c4 Rd4xf4
23.Nc4xb6 Be6xb3
24.Nb6d7 Rf8d8
25.Nd7xc5 Bb3d5
26.Rh1h2 Bg7xe5
27.Rh2h3 Be5xa1
{ resign }
0-1

[Event "Tourn. n9263"]
[Site "www.chess-mail.com"]
[Date "2017.06.03"]
[Round "1"]
[White "Falcoale"]
[Black "Picifarkinca"]
[WhiteElo "2010"]
[BlackElo "1890"]
[Result "0-1"]
[Round "1"]
1.e4 e6
2.d4 c5
3.Ng1f3 cxd4
4.Nf3xd4 Ng8f6
5.Nb1c3 Bf8b4
6.Bf1d3 O-O
7.Bc1d2 a6
8.O-O Nb8c6
9.a3 Bb4e7
10.Nd4xc6 bxc6
11.Kh1 Ra8b8
12.b4 d6
13.f3 Bc8b7
14.Qd1c1 Nf6d7
15.Nc3e2 Be7f6
16.Ra1b1 h6
17.f4 c5
18.Rf1f3 e5
19.f5 Bf6g5
20.Rf3g3 Bg5xd2
21.Qc1xd2 Kh8
22.Rb1f1 Nd7f6
23.Ne2c3 cxb4
24.axb4 Qd8b6
25.Rf1b1 Rb8c8
26.Nc3a4 Qb6c6
27.Na4b2 Nf6xe4
28.Bd3xe4 Qc6xe4
29.Rb1e1 Rc8xc2
30.Qd2d1 Qe4xf5
31.Re1f1 Rc2f2
32.Rf1xf2 Qf5xf2
33.Nb2d3 Qf2d4
34.Rg3g4 e4
35.Rg4g3 exd3
36.Rg3xd3 Qd4b2
37.Rd3d2 Qb2xb4
38.Rd2xd6 Qb4e4
39.Rd6d2 Rf8e8
40.h3 Qe4e1
41.Qd1xe1 Re8xe1
42.Kh2 Re1e7
{ resign }
0-1

[Event "Tourn. n9294"]
[Site "www.chess-mail.com"]
[Date "2017.06.03"]
[Round "1"]
[White "Rookie"]
[Black "Theos666"]
[WhiteElo "1380"]
[BlackElo "1260"]
[Result "0-1"]
[Round "1"]
1.e4 e5
2.Ng1f3 Nb8c6
3.d4 Ng8f6
4.dxe5 Nf6xe4
5.Nb1c3 Ne4xc3
6.bxc3 d6
7.Bf1c4 Bc8e6
8.Bc1g5 Bf8e7
9.O-O Be6xc4
10.Qd1d2 O-O
11.exd6 Be7xg5
12.Qd2d4 { time. }
0-1

[Event "Tourn. n9386"]
[Site "www.chess-mail.com"]
[Date "2017.06.03"]
[Round "1"]
[White "Winston"]
[Black "Cjood"]
[WhiteElo "1940"]
[BlackElo "1950"]
[Result "0-1"]
[Round "1"]
1.e4 c5
2.Ng1f3 g6
3.Bf1b5 Bf8g7
4.O-O a6
5.Bb5e2 Nb8c6
6.d4 cxd4
7.Nf3xd4 Nc6xd4
8.Qd1xd4 Bg7xd4
{ resign }
0-1

[Event "Tourn. n9367"]
[Site "www.chess-mail.com"]
[Date "2017.06.03"]
[Round "1"]
[White "Madz123456"]
[Black "Pachi"]
[WhiteElo "1470"]
[BlackElo "1560"]
[Result "1-0"]
[Round "1"]
1.e4 e5
2.Ng1f3 d6
3.d4 f6
4.Bf1c4 Ng8e7
5.dxe5 dxe5
6.Bc4f7 Kxf7
7.Qd1xd8 Nb8c6
8.Qd8xc7 h5
9.Nb1c3 g5
10.Nc3d5 Bc8g4
11.h3 Bg4xf3
12.gxf3 Ra8c8
13.Qc7xb7 Nc6d4
14.Kf1 Nd4xf3
15.Nd5xe7 Bf8xe7
16.Qb7b3 Ke8
17.Qb3xf3 Rc8xc2
18.Qf3b3 Rc2c5
19.Qb3b8 Be7d8
20.Bc1e3 Rc5c6
21.Qb8b5 Kd7
22.Ra1c1 a6
23.Qb5xc6 { resign }
1-0